Guía para la identificación y formulación de proyectos de educación / (Registro nro. 8104)

Detalles MARC
000 -LEADER
fixed length control field 01098nam a2200217Ia 4500
003 - CONTROL NUMBER IDENTIFIER
control field OSt
005 - DATE AND TIME OF LATEST TRANSACTION
control field 20210707143028.0
008 - FIXED-LENGTH DATA ELEMENTS--GENERAL INFORMATION
fixed length control field 210310s1995 cl ae gr 000 0 spa d
040 ## - CATALOGING SOURCE
Original cataloging agency CO-JMCR
Transcribing agency CO-JMCR
041 0# - LANGUAGE CODE
Language code of text/sound track or separate title spa
082 04 - DEWEY DECIMAL CLASSIFICATION NUMBER
Classification number 332.67252 /
Item number I597g
Edition number 23
110 2# - MAIN ENTRY--CORPORATE NAME
Corporate name or jurisdiction name as entry element Instituto Latinoamericano y del Caribe de Planificación Económica y Social-ILPES
9 (RLIN) 38399
245 10 - TITLE STATEMENT
Title Guía para la identificación y formulación de proyectos de educación /
Statement of responsibility, etc. Instituto Latinoamericano y del Caribe de Planificación Económica y Social-ILPES
260 ## - PUBLICATION, DISTRIBUTION, ETC.
Place of publication, distribution, etc. Santiago de Chile :
Name of publisher, distributor, etc. Cepal,
Date of publication, distribution, etc. 1995
300 ## - PHYSICAL DESCRIPTION
Extent 187 páginas ;
Other physical details ilustraciones y planos a blanco y negro ;
Dimensions 28 cm.
504 ## - BIBLIOGRAPHY, ETC. NOTE
Bibliography, etc. note Bibliografía: páginas 149-152
505 0# - FORMATTED CONTENTS NOTE
Formatted contents note Aspectos generales -- Identificación del proyecto -- Diagnóstico de la situación actual -- Identificación y definición de alternativas de solución -- Evaluación de las alternativas de proyecto -- Presentación de la alternativa seleccionada
650 14 - SUBJECT ADDED ENTRY--TOPICAL TERM
Topical term or geographic name entry element Proyectos de inversión
9 (RLIN) 16345
650 24 - SUBJECT ADDED ENTRY--TOPICAL TERM
Topical term or geographic name entry element Desarrollo social
General subdivision Proyectos
9 (RLIN) 38400
942 ## - ADDED ENTRY ELEMENTS (KOHA)
Source of classification or shelving scheme Dewey Decimal Classification
Koha item type Books
Existencias
Withdrawn status Lost status Source of classification or shelving scheme Damaged status Not for loan Collection code Home library Current library Date acquired Source of acquisition Full call number Barcode Date last seen Copy number Koha item type
    Dewey Decimal Classification     Non-fiction Biblioteca Pública José María del Castillo y Rada Biblioteca Pública José María del Castillo y Rada 04/15/2018 Donación 332.67252 / I597g 430003240 05/16/2024 Ej.1 Books